000 00705nam a2200241Ia 4500
003 OSt
005 20220926000413.0
006 a|||||r|||| 00| 0
007 ta
008 220923b |||||||| |||| 00| 0 eng d
037 _cGeneral Book
040 _aRTL
_cRTL
_beng
041 _2eng
_aeng
082 _aEb4.2.d.N75<N69r, L5
110 _aINDIAN COUNCIL OF SOCIAL SCIENCE RESEARCH
_991181
245 0 _aAnnual report,1969-70.
260 _a New Delhi
_bICSSR
_c1975
300 _a153p.
_ccm.
500 _aAppendix :111-187p.
700 _aINDIAN COUNCIL OF SOCIAL SCIENCE RESEARCH
_991182
942 _hEb4.2.d.N75<N69r, L5
_cGB
_2CC
999 _c598988
_d598988